MARC

LEADER 00000nam0a2200000 4500
001 250717
005 20231101232605.0
020 |a RU  |b 89-9610 
035 |a (RuTPU)RU\TPU\book\272938 
090 |a 250717 
100 |a 20140217d1988 k a0rusy5003 ca 
101 0 |a rus 
102 |a RU 
105 |a y z 001zy 
200 1 |a Совершенствование планирования и управления машиностроительным производством  |e тематический сборник  |f Карагандинский политехнический институт (КарПИ, КарПТИ) ; под ред. Р. С. Каренова 
210 |a Караганда  |c КарПТИ  |d 1988 
215 |a 86 с.  |c ил. 
320 |a Библиогр. в конце ст. 
606 1 |a Машиностроение  |x Организация производства  |2 stltpush  |3 (RuTPU)RU\TPU\subj\71132  |9 85168 
610 1 |a машиностроительные заводы 
610 1 |a управление 
610 1 |a планирование 
610 1 |a научно-технический прогресс 
610 1 |a оптимальное управление 
610 1 |a экспериментальные данные 
610 1 |a внутрипроизводственный анализ 
610 1 |a экономический рост 
610 1 |a ремонтное производство 
610 1 |a научная организация труда 
675 |a 621.002:658.5  |z rus 
702 1 |a Каренов  |b Р. С.  |g Рашид Саттарович  |4 340 
712 0 2 |a Карагандинский политехнический институт (КарПИ, КарПТИ)  |c (1958-1996)  |2 stltpush  |3 (RuTPU)RU\TPU\col\12631 
801 0 |a RU  |b RuMRKP  |c 19950417  |g psbo 
801 1 |a RU  |b 63413507  |c 20140217 
801 2 |a RU  |b 63413507  |c 20140226  |g RCR 
942 |c BK